• 首页
  • 本馆介绍
  • 公告通知
  • 最新文献
  • 馆藏检索
  • 电子资源
  • 读者导购
  • 参考咨询
  • 我的图书馆
  • 登录
  • 详细信息显示
  • 放入我的书架
  • 预约/预借图书
  • 作者相关作品
  • 分类相关作品
  • 丛书相关作品
  • 出版社相关作品

书目信息

  • 表格格式
  • 工作单格式
  • 卡片格式
题名:
三国文化与鄂州
    
 
作者: 熊寿昌 主编
分册:  
出版信息: 武汉   湖北人民出版社  2018
页数: 428页
开本: 24cm
丛书名: 鄂州历史文化丛书
单 册:
中图分类: K296.33
科图分类:
主题词: 文化史--鄂州--三国时代
电子资源:
ISBN: 978-7-216-09395-8
000 00859oam2 2200253 450
001 012001010917
005 20140104114042.0
010    @a978-7-216-09395-8@dCNY48.00
100    @a20181129d2018 em y0chiy50 ea
101 0  @achi
102    @aCN@b420000
105    @aa z 000yy
106    @ar
200 1  @a三国文化与鄂州@Asan guo wen hua yu e zhou@f熊寿昌主编
210    @a武汉@c湖北人民出版社@d2018
215    @a428页@c图@d24cm
225 1  @a鄂州历史文化丛书
330    @a本书内容包括:《试论武昌在东吴历史上的地位》《武昌建制与孙吴武治》《论武昌在三国时期的历史地位》《孙权武昌建都称帝探析》《孙权以武而昌战略思想浅析》等文章。
410  0 @12001 @a鄂州历史文化丛书
606 0  @a文化史@y鄂州@z三国时代
690    @aK296.33@v5
701  0 @a熊寿昌@Axiong shou chang@4主编
801  0 @aCN@b上海新华@c20191020
905    @b1137327-30@dK296.33@e419@f4
    
    三国文化与鄂州/熊寿昌主编.-武汉:湖北人民出版社,2018
    428页:图;24cm.-(鄂州历史文化丛书)
    
    
    ISBN 978-7-216-09395-8:CNY48.00
    本书内容包括:《试论武昌在东吴历史上的地位》《武昌建制与孙吴武治》《论武昌在三国时期的历史地位》《孙权武昌建都称帝探析》《孙权以武而昌战略思想浅析》等文章。
●
相关链接 在E读中查询图书 在五车中查询图书 在当当中查询图书 在豆瓣中查询图书


正题名:三国文化与鄂州     索取号:K296.33/419         预约/预借

序号 登录号 条形码 馆藏地/架位号 状态 备注
1 1137327   211373271   第二样本阅览室/ [索取号:K296.33/419] 在馆    
2 1137328   211373280   第二借阅区/ [索取号:K296.33/419] 在馆    
3 1137329   211373299   第二借阅区/ [索取号:K296.33/419] 在馆    
4 1137330   211373306   第二借阅区/ [索取号:K296.33/419] 在馆    
唐山师范学院图书馆 欢迎您!
大连网信软件有限公司© 版权所有